000 00724nam a2200241Ia 4500
003 OSt
005 20220923214137.0
006 a|||||r|||| 00| 0
007 ta
008 220922b |||||||| |||| 00| 0 hin d
024 _a167,312
037 _cTextual
040 _aARTS
_cARTS
_bhin
041 _2hin
_ahin
082 _aO152,1J90,11:g, K6
100 _aनन्ददास
_9156280
245 0 _aभंवर गीत, सुधीन्द्र संपा
246 _aBhanvar gīta, sudhīndra sanpā0
260 _c1966
650 _aहिन्दी साहित्य
_9156264
942 _hO152,1J90,11:g, K6
_cTEXL
_2CC
999 _c321791
_d321791